| 000 | 00562nam a2200205Ia 4500 | ||
|---|---|---|---|
| 005 | 20250508164701.0 | ||
| 008 | 008 250505s9999 xx 000 0 eng d | ||
| 020 | _a978-81-250-3654-8 | ||
| 037 | _aTextual | ||
| 040 |
_aFEDL _beng _cFEDL |
||
| 041 |
_aeng _2eng |
||
| 084 |
_a957, BHA _qFEDL |
||
| 100 | _aBhattacharya Sabyasachi Ed. | ||
| 245 | 0 | _aRethinking 1857 | |
| 260 |
_aNew Delhi, India _bOrient Longman Private Limited _c2007 |
||
| 300 | _axl,319p. | ||
| 365 |
_aINR _b745 |
||
| 942 |
_cTEXL _h957, BHA |
||
| 999 |
_c1390538 _d1390538 |
||